Semitic Languages - Sudden Death - Statistics

General Stats
  • This quiz has been taken 194 times
  • The average score is 5 of 12
Answers on the Grid
Answers color-coded by a green-red scale on the quiz's grid according to % correct below.
Yiddish
Arabic
Ammonite
Aramaic
Sumerian
Akkadian
Coptic
Somali
Hebrew
Phoenician
Persian
Kurdish
Maltese
Zaza
Amharic
Tigrinya
Ladino
Ugaritic
Ge'ez
Tigre
 
Answer Stats
Answer % Correct
Arabic
88%
Aramaic
70%
Hebrew
53%
Akkadian
41%
Maltese
39%
Amharic
34%
Phoenician
30%
Tigrinya
30%
Ge'ez
29%
Ammonite
28%
Tigre
24%
Ugaritic
19%
No matching quizzes found
Score Distribution
Percent of People with Each Score
Percentile by Number Answered
Your Score History
You have not taken this quiz